000 00281nam a2200097Ia 4500
001 1101923
005 20250827003312.0
008 250824s9999 xx 000 0 und d
245 0 _aKAZIM KARABEKİR İN GÖZÜYLE YAKIN TARİHİMİZ
_cMUSTAFA ARMAĞAN
260 _bKETEBE YAYINLARI
999 _c1101923
_d1101923